000 00297 a2200145 4500
001 178479
020 _a
040 _cMagnum
100 _aRodrigues,m Frances
240 1 0 _aA onca valenina
_lpor
245 1 0 _aA onca valenina
362 0 _a1899
697 _aMAGNITO: I/ANIMAIS
942 _cBK
999 _c178479
_d178479